000 01157nam0a22002531 4500
001 rc\4285145
005 20260408082610.0
021 _aRU
_bРг2720-64
035 _a(NLR Aleph) 008248877
090 _a8323075
_c8323075
100 _a20130416d1962 |||y0rusy50 ca
101 0 _arus
102 _aRU
105 _aa z |||||
200 1 _aАппаратура импульсная переносная ИПА
_f[Изготовитель: Опыт.-эксперим. завод геофиз. приборостроения, г. Киев]
210 _aЛенинград
_cГостоптехиздат. Ленингр. отд-ние
_d1962
215 _a[4] с.
_cил.
_d28
225 1 _aМинистерство геологии и охраны недр СССР. Особое конструкторское бюро. Каталог геофизической аппаратуры
_vГА.04.00.11
712 0 2 _aЗавод геофизического приборостроения
_cКиев
_9794014
_3RU\NLR\AUTH\8810149727
801 0 _aRU
_bNLR
_gpsbo
801 1 _aRU
_bELAR
_2rusmarc
852 _aNLR
_jПт 40-6/34-04-00-11
942 _cBOOK
980 _aNB